| 000 | 00000nam 2200000zi 4500 |
| 001 | 9.945760 |
| 003 | CaOODSP |
| 005 | 20250106150246 |
| 006 | m o d f |
| 007 | cr cn||||||||| |
| 008 | 241129t20242024quc o f000 0 eng d |
| 020 | |a9780660747224 |
| 040 | |aCaOODSP|beng|erda|cCaOODSP |
| 043 | |an-cn--- |
| 086 | 1 |aSF31-144/2024E-PDF |
| 245 | 00|aFollow up to the recommendations in implementing section 91 of the Official Languages Act : |ba systemic problem. |
| 264 | 1|a[Gatineau, Quebec] : |bOffice of the Commissioner of Official Languages = Commissariat aux langues officielles, |c[2024] |
| 264 | 4|c©2024 |
| 300 | |a1 online resource (12 unnumbered pages) + |einfographic (1 unnumbered page) |
| 336 | |atext|btxt|2rdacontent |
| 337 | |acomputer|bc|2rdamedia |
| 338 | |aonline resource|bcr|2rdacarrier |
| 500 | |aIssued also in French under title: Suivi des recommandations formulées dans le rapport La mise en œuvre de l'article 91 de la Loi sur les langues officielles : un problème systémique. |
| 610 | 10|aCanada. |tOfficial Languages Act (1988) |
| 650 | 0|aBilingualism|xLaw and legislation|zCanada. |
| 650 | 0|aLanguage policy|zCanada. |
| 651 | 0|aCanada|xOfficials and employees|xLanguage. |
| 710 | 1 |aCanada. |bOffice of the Commissioner of Official Languages, |eissuing body. |
| 775 | 08|tSuivi des recommandations formulées dans le rapport La mise en œuvre de l'article 91 de la Loi sur les langues officielles : |w(CaOODSP)9.945762 |
| 795 | |tImplementing section 91 of the Official Languages Act : |w(CaOODSP)9.891936 |
| 856 | 40|qPDF|s567 KB|uhttps://publications.gc.ca/collections/collection_2025/clo-ocol/SF31-144-2024-eng.pdf|z(report) |
| 856 | 40|qPDF|s523 KB|uhttps://publications.gc.ca/collections/collection_2025/clo-ocol/SF31-144-2024-1-eng.pdf|z(infographic) |
| 856 | 4 |qHTML|sN/A|uhttps://www.clo-ocol.gc.ca/en/publications/studies-other-reports/2024/follow-recommendations-implementing-section-91-official-languages-act-systemic-problem|z(report) |
| 856 | 4 |qHTML|sN/A|uhttps://www.clo-ocol.gc.ca/en/tools-resources/infographics/better-understanding-section-91-official-languages-act-2024|z(infographic) |